Computer graphics (Record no. 38228)

MARC details
000 -LEADER
fixed length control field 00593nam a2200169 a 4500
008 - FIXED-LENGTH DATA ELEMENTS--GENERAL INFORMATION
fixed length control field 120416s1995 ||||||||||||||||| || u
020 ## - INTERNATIONAL STANDARD BOOK NUMBER
International Standard Book Number 0122277414
050 ## - LIBRARY OF CONGRESS CALL NUMBER
Classification number T 385 Com
100 ## - MAIN ENTRY--PERSONAL NAME
Personal name Vince, J. A
245 10 - TITLE STATEMENT
Title Computer graphics
Statement of responsibility, etc. edited by R. A. Earnshaw
246 ## - VARYING FORM OF TITLE
Title proper/short title development in virtual environments
260 ## - PUBLICATION, DISTRIBUTION, ETC.
Place of publication, distribution, etc. London
Name of publisher, distributor, etc. Academic Press
Date of publication, distribution, etc. 1995
300 ## - PHYSICAL DESCRIPTION
Extent xiii, 503p. : ill.
350 ## - PRICE (NR) (BK AM CF MU VM SE) [OBSOLETE]
Price 0.00
700 ## - ADDED ENTRY--PERSONAL NAME
Personal name Earnshaw, R. A
995 ## - RECOMMENDATION 995 [LOCAL, UNIMARC FRANCE]
-- 0.00
-- CBU-MAIN LIBRARY (Kitwe)
-- 1
-- 24.95
-- 1
-- AVAILABLE
-- Main Library Open Access Collection
Holdings
Withdrawn status Lost status Source of classification or shelving scheme Damaged status Not for loan Home library Current library Shelving location Date acquired Total Checkouts Full call number Barcode Date last seen Price effective from Koha item type
          CBU-MAIN LIBRARY, KITWE. CBU-MAIN LIBRARY, KITWE.   11/30/2022   T 385 Com 38595 11/30/2022 11/30/2022 MONOGRAPH